Three closest cities by country - Statistics

General Stats
  • This quiz has been taken 30 times
  • The average score is 15 of 30
Answer Stats
Country Distance Cities % Correct
65 km Montevideo
96%
38 km Santiago
89%
235 km Dar es Salaam
81%
124 km Quito
78%
Argentina 7 km Asunción
74%
United Kingdom 80 km Dublin
74%
Kenya 150 km Kampala
70%
233 km Panama City
70%
Italy 101 km Zürich
70%
Qatar 30 km Manama
67%
51 km Tashkent
63%
176 km Abu Dhabi
59%
437 km Mogadishu
59%
Kyrgyzstan 17 km Almaty
56%
216 km Phnom Penh
52%
344 km Kabul
41%
191 km Yangon
41%
153 km Lyon
37%
41 km Aleppo
33%
156 km Douala
33%
Colombia 80 km Maracaibo
33%
41 km N'Djamena
33%
69 km Dammam
30%
196 km Rotterdam
30%
Nigeria 35 km Cotonou
26%
125 km Munich
26%
Turkey 21 km Yerevan
26%
130 km Lille
19%
102 km Mosul
19%
Thailand 85 km George Town
15%
No matching quizzes found
Score Distribution
Percent of People with Each Score
Percentile by Number Answered
Your Score History
You have not taken this quiz